000 00290nam a2200097Ia 4500
082 _a336.2416 METZ
245 0 _aPaying less tax made simple [2008]
100 _a METZ, Ralf Welgemoed [South Africa], 2008 13th ed
_976476
942 _cBK
008 210817s9999 xx 000 0 und d
999 _c254691
_d254690